00526nam a2200205 a 4500001001300000003000900013005001700022008004100039020001000080082001600090100002200106245003200128260003400160300000900194500003500203505001000238650002900248650002100277700002200298nice12345678IN_TiNIC20260116011702.0050524s1904 oxfa grd 000 0 eng  ac10000a473.21bLEW aLewis, Charlton T aElementary Latin Dictionary aOxfordbClarendon Pressc1904 a952p aincludes index and biblioraphy2 aindex aDictionary-Latin-English aLatin-Dictionary1 aLewis, Charlton T